| 000 | 00846nam a22002777a 4500 | ||
|---|---|---|---|
| 003 | CHAP | ||
| 005 | 20220329134524.0 | ||
| 008 | 971013s1975 r 00010 d | ||
| 010 | _a21597 | ||
| 011 | _a22569 | ||
| 035 | _a26664 | ||
| 040 | _cCHAP | ||
| 082 |
_a368.123 _bA83 |
||
| 110 |
_aAseguradora Nacional Agrícola y Ganadera S.A. México _97887 |
||
| 245 | _aLineamientos de aseguramiento ganadero | ||
| 260 |
_aMéxico, D.F., _c1975 |
||
| 300 | _a137 p | ||
| 590 |
_aBATCH-UPD _b10 _c20130110 _lUCH01 _h0322 |
||
| 590 |
_aBATCH-UPD _b10 _c20130409 _lUCH01 _h2355 |
||
| 590 |
_aBATCH-UPD _b10 _c20130914 _lUCH01 _h2017 |
||
| 590 |
_aCONVERSION _b10 _c20130109 _lUCH01 _h1313 |
||
| 650 | 1 | 4 |
_aSeguro ganadero _xMéxico _xLeyes. _9103728 |
| 901 | _aBK | ||
| 942 | _cLIBRO | ||
| 949 |
_a368.123 A83 _bBC _cC _d33724000488268 _eC _h52751 _i26664 _mD _si |
||
| 999 |
_c21597 _d21597 |
||